| 000 | 00839nam a22002777a 4500 | ||
|---|---|---|---|
| 001 | 6799 | ||
| 003 | FISKH | ||
| 005 | 20250528152008.0 | ||
| 008 | 250528b cb ||||| |||| 00| 0 eng d | ||
| 020 | _a9788956353142 | ||
| 040 |
_aFISKH _beng _cFISKH _dFISKH |
||
| 050 | _aPZ8.P575 U | ||
| 082 | _a398.2 | ||
| 100 | _aAndersen, Hans Christian | ||
| 245 |
_aThe ugly duckling / _cHans Christian Andersen |
||
| 260 |
_aSeoul : _bE-future, _c2009. |
||
| 300 |
_a18 pages : _bcolor illustrations ; _c21 cm |
||
| 505 | _aF | ||
| 520 | _aAn ugly duckling spends an unhappy year ostracized by the other animals before he grows into a beautiful swan. | ||
| 521 | 8 |
_a300
_bLexile estimate |
|
| 521 | 8 |
_aF
_bRaz-Plus |
|
| 650 |
_aAnimals _vAcceptance |
||
| 650 |
_aBeauty _vBullying |
||
| 942 |
_2ddc _cBK _n0 |
||
| 999 |
_c6799 _d6799 |
||